| 000 | 01492nam a2200301Ia 4500 | ||
|---|---|---|---|
| 003 | OSt | ||
| 005 | 20200715161658.0 | ||
| 008 | 191128t1994 ck fr 000 0dspa d | ||
| 020 | _a9586015734 | ||
| 040 |
_aCO-JMCR _cCO-JMCR |
||
| 041 | 0 | _aspa | |
| 082 | 0 | 4 |
_a338.9 / _bC399d _223 |
| 100 | 1 |
_aCepeda Ulloa, Fernando, _eautor _97327 |
|
| 245 | 1 | 0 |
_aDireccion política de la reforma económica en Colombia / _cFernando Cepeda Ulloa ; colaboración de Diana Umaña |
| 250 | _aPrimera edición | ||
| 260 |
_aBogotá : _bFonade : DNP, _c©1994 |
||
| 300 |
_axlii, 304 páginas ; _c23 cm. |
||
| 500 | _aIncluye datos biográficos del autor en solapa frontal. | ||
| 504 | _aBibliografía: páginas 273-292 | ||
| 505 | 0 | _aEl cambio del modelo -- La reforma económica de Barco -- El contexto de la apertura de Gaviria -- Bases de poder del presidente Gaviria y soportes al proceso de cambio -- El cambio institucional y algunos aspectos de su dimensión económica | |
| 520 | 3 | _aEl caso colombiano ratifica las conclusiones de estudios que se han realizado bien sea sobre la dimensión política de las políticas de ajuste, o bien sobre las de reforma económica. Hay una conclusión contundente que dice así: no puede haber éxito. | |
| 650 | 1 | 4 |
_aPolítica de desarrollo _96819 |
| 650 | 1 | 4 |
_aReforma económica _97328 |
| 650 | 1 | 4 |
_aPlanificación del desarrollo _94088 |
| 650 | 1 | 4 |
_aModelos económicos _97329 |
| 700 | 1 |
_aUmaña, Diana, _ecolaboradora _97330 |
|
| 942 |
_2ddc _cBK |
||
| 999 |
_c5621 _d5621 |
||